<?xml version="1.0" encoding="UTF-8"?>
<record
    xmlns:xsi="http://www.w3.org/2001/XMLSchema-instance"
    xsi:schemaLocation="http://www.loc.gov/MARC21/slim http://www.loc.gov/standards/marcxml/schema/MARC21slim.xsd"
    xmlns="http://www.loc.gov/MARC21/slim">

  <leader>00262nam a22001097a 4500</leader>
  <datafield tag="082" ind1=" " ind2=" ">
    <subfield code="2">22</subfield>
    <subfield code="a">294.344</subfield>
  </datafield>
  <datafield tag="100" ind1=" " ind2=" ">
    <subfield code="a">NA</subfield>
  </datafield>
  <datafield tag="245" ind1=" " ind2=" ">
    <subfield code="a">Tenpai Zhapa Dherothee Khenphen Lamzang /</subfield>
  </datafield>
  <datafield tag="260" ind1=" " ind2=" ">
    <subfield code="a">DDC Thimphu,</subfield>
    <subfield code="b">DDC Thimphu,</subfield>
    <subfield code="c">c1999.</subfield>
  </datafield>
  <datafield tag="300" ind1=" " ind2=" ">
    <subfield code="a">00,;</subfield>
    <subfield code="b">NA</subfield>
    <subfield code="c">24cm</subfield>
  </datafield>
  <datafield tag="942" ind1=" " ind2=" ">
    <subfield code="2">ddc</subfield>
    <subfield code="c">BK</subfield>
  </datafield>
  <datafield tag="999" ind1=" " ind2=" ">
    <subfield code="c">664</subfield>
    <subfield code="d">664</subfield>
  </datafield>
  <datafield tag="952" ind1=" " ind2=" ">
    <subfield code="0">0</subfield>
    <subfield code="1">0</subfield>
    <subfield code="2">ddc</subfield>
    <subfield code="4">0</subfield>
    <subfield code="7">0</subfield>
    <subfield code="8">NFIC</subfield>
    <subfield code="a">LIB001</subfield>
    <subfield code="b">LIB001</subfield>
    <subfield code="d">2014-06-19</subfield>
    <subfield code="g">85.00</subfield>
    <subfield code="l">0</subfield>
    <subfield code="o">294.344</subfield>
    <subfield code="p">23005</subfield>
    <subfield code="r">2014-06-19 00:00:00</subfield>
    <subfield code="t">1</subfield>
    <subfield code="v">220.00</subfield>
    <subfield code="w">2014-06-19</subfield>
    <subfield code="y">BK</subfield>
  </datafield>
  <datafield tag="952" ind1=" " ind2=" ">
    <subfield code="0">0</subfield>
    <subfield code="1">0</subfield>
    <subfield code="2">ddc</subfield>
    <subfield code="4">0</subfield>
    <subfield code="7">0</subfield>
    <subfield code="a">LIB001</subfield>
    <subfield code="b">LIB001</subfield>
    <subfield code="d">2014-06-19</subfield>
    <subfield code="g">85.00</subfield>
    <subfield code="l">0</subfield>
    <subfield code="o">294.344</subfield>
    <subfield code="p">23006</subfield>
    <subfield code="r">2014-06-19 00:00:00</subfield>
    <subfield code="t">1</subfield>
    <subfield code="v">220.00</subfield>
    <subfield code="w">2014-06-19</subfield>
    <subfield code="y">BK</subfield>
  </datafield>
  <datafield tag="952" ind1=" " ind2=" ">
    <subfield code="0">0</subfield>
    <subfield code="1">0</subfield>
    <subfield code="2">ddc</subfield>
    <subfield code="4">0</subfield>
    <subfield code="7">0</subfield>
    <subfield code="a">LIB001</subfield>
    <subfield code="b">LIB001</subfield>
    <subfield code="d">2014-06-19</subfield>
    <subfield code="g">85.00</subfield>
    <subfield code="l">0</subfield>
    <subfield code="o">294.344</subfield>
    <subfield code="p">23007</subfield>
    <subfield code="r">2014-06-19 00:00:00</subfield>
    <subfield code="t">1</subfield>
    <subfield code="v">220.00</subfield>
    <subfield code="w">2014-06-19</subfield>
    <subfield code="y">BK</subfield>
  </datafield>
</record>
